Mystery Capitals Quiz Stats

 Plays Quiz Updated Jun 20, 2017

Also try: Mystery Countries!
Challenge
Share
Tweet
Embed
Score 0/8 Timer 06:00
4 Plays Today
% Correct
M A N I L A
86.7%
M A N I L A
86.7%
S E O U L
66.8%
S E O U L
66.8%
S A N T I A G O
64%
S A N T I A G O
64%
T R I P O L I
50.2%
T R I P O L I
50.2%

You're not logged in!

Compare scores with friends on all Sporcle quizzes.
Join for Free
OR
Log In

You Might Also Like...

Show Comments

Extras

Top Quizzes Today


Score Distribution

Your Account Isn't Verified!

In order to create a playlist on Sporcle, you need to verify the email address you used during registration. Go to your Sporcle Settings to finish the process.

Report this User

Report this user for behavior that violates our Community Guidelines.

Details: